| 000 | 00890nam a2200277Ia 4500 | ||
|---|---|---|---|
| 001 | Z_3422 | ||
| 003 | CHAP | ||
| 008 | 220113s2000 xx 000 0 und d | ||
| 010 | _a166543 | ||
| 040 | _cCHAP | ||
| 090 | _aTesis A 1470 | ||
| 100 |
_aAndrade Juárez, Julio _95655 |
||
| 245 |
_aDiagnóstico técnico-económico de la ganaderia bovina de cría en Santiago Maravatio, municipio de Guanajuato / _cpor Julio Andrade Juárez |
||
| 260 |
_aChapingo, Méx. : _bEl autor, _c2000 |
||
| 300 | _a74 h. ; mapas + anexo | ||
| 502 | _aTesis (Ing. Agr. Esp. en Zootecnia) -- UACH. Departamento de Zootecnia | ||
| 650 |
_aGanaderia _xAspectos económicos _x Guanajuato _9140623 |
||
| 650 |
_aGanado vacuno _xCría de _945451 |
||
| 650 |
_aGanado vacuno _xGuanajuato _9140624 |
||
| 901 | _aTESIS A 1470 | ||
| 902 | _aM | ||
| 910 | _a2000 | ||
| 942 | _c2 | ||
| 942 | _c2 | ||
| 999 |
_c166543 _d166543 |
||